Statistiques concernant Disney paroles - je souhaite / un chant

Cliquez ici pour prendre le quiz!

Statistiques générales

  • Ce quiz a été pris 42 fois
  • Le résultat moyen est 82 sur 139

Statistiques - réponses

Réponses% Correct
Je
97%
je
97%
un
93%
Un
93%
Ce
83%
ce
83%
qui
83%
le
80%
que
80%
a
73%
mon
73%
souhaite
73%
souhaite,
73%
bientôt
67%
Bientôt !
67%
bientôt.
67%
de
67%
est
67%
Et
67%
ma
67%
pour
67%
Pour
67%
qu'il
67%
amour.
63%
chant
63%
Oh
63%
celui
60%
coeur
60%
j'aime
60%
j'aime.
60%
me
60%
qu'un
60%
seul
60%
toi
60%
voir
60%
bonheur,
57%
il
57%
n'ai
57%
rempli
57%
toujours.
57%
voeu
57%
d'amour.
53%
dans
53%
d'adoration.
50%
dire.
50%
dire
50%
faut
50%
On
50%
proclame
50%
rêve
50%
vienne
50%
au
47%
désir.
47%
d'espoir,
47%
dit
47%
puits.
47%
puits
47%
qu'on
47%
Si
47%
ame
43%
Aux
43%
aux
43%
dira
43%
dira.
43%
Faire
43%
magique
43%
pouvoir
43%
sans
43%
trouve,
43%
vous
43%
Puis-je
40%
secret ?
40%
chanson.
37%
doux
37%
écoute
37%
l'attend
37%
l'attend.
37%
mots.
37%
mots
37%
desire-t-on
33%
l'écho
33%
répond.
33%
tarder
33%
tendres
30%
d'être
27%
discrets.
27%
Jurez
27%
ah-ah-ah-ah-ah
23%

Distribution des résultats

Percentile par nombre de réponses

% des personnes avec chaque résultat

Votre développement - résultats

Vous n’avez pas pris ce quiz